Актуальные проблемы подготовки инженеров в современном вузе; Интеллектуальные энергосистемы; Т. 3

Dettagli Bibliografici
Parent link:Интеллектуальные энергосистемы: труды IV Международного молодёжного форума, 10-14 октября 2016 г., г. Томск/ Национальный исследовательский Томский политехнический университет (ТПУ), Энергетический институт (ЭНИН).— , 2016
Т. 3.— 2016.— [С. 268-272]
Autore principale: Шестакова А. В. Анастасия Викторовна
Enti autori: Национальный исследовательский Томский политехнический университет (ТПУ) Институт социально-гуманитарных технологий (ИСГТ) Кафедра истории и философии науки и техники (ИФНТ), Национальный исследовательский Томский политехнический университет (ТПУ) Институт природных ресурсов (ИПР) Кафедра гидрогеологии, инженерной геологии и гидрогеоэкологии (ГИГЭ) Научно-образовательный центр "Вода" (НОЦ "ВОДА") Проблемная научно-исследовательская лаборатория гидрогеохимии (ПНИЛ ГГХ)
Altri autori: Пургина Д. В. Дарья Валерьевна (научный руководитель), Чмыхало А. Ю. Александр Юрьевич
Riassunto:Заглавие с титульного экрана
Lingua:russo
Pubblicazione: 2016
Serie:Методология формирования и оценки компетенций в подготовке инженеров в области Smart Systems
Soggetti:
Accesso online:http://earchive.tpu.ru/handle/11683/36285
Natura: MixedMaterials Elettronico Capitolo di libro
KOHA link:https://koha.lib.tpu.ru/cgi-bin/koha/opac-detail.pl?biblionumber=621746

MARC

LEADER 00000naa2a2200000 4500
001 621746
005 20231101133157.0
035 |a (RuTPU)RU\TPU\conf\20362 
035 |a RU\TPU\conf\20360 
090 |a 621746 
100 |a 20170118d2016 k y0rusy50 ca 
101 0 |a rus 
102 |a RU 
105 |a y z 101zy 
135 |a drcn ---uucaa 
181 0 |a i  
182 0 |a b 
200 1 |a Актуальные проблемы подготовки инженеров в современном вузе  |f А. В. Шестакова, Д. В. Пургина  |g науч. рук. А. Ю. Чмыхало 
203 |a Текст  |c электронный 
225 1 |a Методология формирования и оценки компетенций в подготовке инженеров в области Smart Systems 
230 |a 1 компьютерный файл (pdf; 401 Kb) 
300 |a Заглавие с титульного экрана 
320 |a [Библиогр.: с. 272 (8 назв.)] 
461 1 |0 (RuTPU)RU\TPU\conf\20053  |t Интеллектуальные энергосистемы  |o труды IV Международного молодёжного форума, 10-14 октября 2016 г., г. Томск  |o в 3 т.  |f Национальный исследовательский Томский политехнический университет (ТПУ), Энергетический институт (ЭНИН)  |d 2016 
463 1 |0 (RuTPU)RU\TPU\conf\20056  |t Т. 3  |v [С. 268-272]  |d 2016 
610 1 |a труды учёных ТПУ 
610 1 |a электронный ресурс 
610 1 |a актуальные проблемы 
610 1 |a подготовка 
610 1 |a инженеры 
610 1 |a инженерное образование 
610 1 |a инновационные подходы 
610 1 |a вузы 
610 1 |a Россия 
700 1 |a Шестакова  |b А. В.  |c геолог  |c инженер Томского политехнического университета  |f 1991-  |g Анастасия Викторовна  |2 stltpush  |3 (RuTPU)RU\TPU\pers\32046 
701 1 |a Пургина  |b Д. В.  |c гидрогеолог  |c инженер Томского политехнического университета  |f 1991-  |g Дарья Валерьевна  |2 stltpush  |3 (RuTPU)RU\TPU\pers\37016 
702 1 |a Чмыхало  |b А. Ю.  |c философ  |c доцент Томского политехнического университета, кандидат философских наук  |f 1973-  |g Александр Юрьевич  |2 stltpush  |4 727 
712 0 2 |a Национальный исследовательский Томский политехнический университет (ТПУ)  |b Институт социально-гуманитарных технологий (ИСГТ)  |b Кафедра истории и философии науки и техники (ИФНТ)  |h 7618  |2 stltpush  |3 (RuTPU)RU\TPU\col\21252 
712 0 2 |a Национальный исследовательский Томский политехнический университет (ТПУ)  |b Институт природных ресурсов (ИПР)  |b Кафедра гидрогеологии, инженерной геологии и гидрогеоэкологии (ГИГЭ)  |b Научно-образовательный центр "Вода" (НОЦ "ВОДА")  |b Проблемная научно-исследовательская лаборатория гидрогеохимии (ПНИЛ ГГХ)  |h 260  |2 stltpush  |3 (RuTPU)RU\TPU\col\19129 
801 2 |a RU  |b 63413507  |c 20170124  |g RCR 
856 4 |u http://earchive.tpu.ru/handle/11683/36285 
942 |c BK